<?xml version="1.0" encoding="UTF-8"?><?xml-stylesheet type="text/xsl" href="static/style.xsl"?><OAI-PMH xmlns="http://www.openarchives.org/OAI/2.0/" xmlns:xsi="http://www.w3.org/2001/XMLSchema-instance" xsi:schemaLocation="http://www.openarchives.org/OAI/2.0/ http://www.openarchives.org/OAI/2.0/OAI-PMH.xsd"><responseDate>2026-04-17T14:45:18Z</responseDate><request verb="GetRecord" identifier="oai:www.recercat.cat:10230/45395" metadataPrefix="marc">https://recercat.cat/oai/request</request><GetRecord><record><header><identifier>oai:recercat.cat:10230/45395</identifier><datestamp>2025-12-19T20:27:14Z</datestamp><setSpec>com_2072_6</setSpec><setSpec>col_2072_452954</setSpec></header><metadata><record xmlns="http://www.loc.gov/MARC21/slim" xmlns:dcterms="http://purl.org/dc/terms/" xmlns:xsi="http://www.w3.org/2001/XMLSchema-instance" xmlns:doc="http://www.lyncode.com/xoai" xsi:schemaLocation="http://www.loc.gov/MARC21/slim http://www.loc.gov/standards/marcxml/schema/MARC21slim.xsd">
   <leader>00925njm 22002777a 4500</leader>
   <datafield ind2=" " ind1=" " tag="042">
      <subfield code="a">dc</subfield>
   </datafield>
   <datafield ind2=" " ind1=" " tag="720">
      <subfield code="a">Asmarat Ruz, Maria</subfield>
      <subfield code="e">author</subfield>
   </datafield>
   <datafield ind2=" " ind1=" " tag="720">
      <subfield code="a">Llobera Sánchez, Noèlia</subfield>
      <subfield code="e">author</subfield>
   </datafield>
   <datafield ind2=" " ind1=" " tag="260">
      <subfield code="c">2020-10-05T14:56:31Z</subfield>
   </datafield>
   <datafield ind2=" " ind1=" " tag="260">
      <subfield code="c">2020-10-05T14:56:31Z</subfield>
   </datafield>
   <datafield ind2=" " ind1=" " tag="260">
      <subfield code="c">2020</subfield>
   </datafield>
   <datafield ind2=" " ind1=" " tag="520">
      <subfield code="a">Tutora: Eva Domínguez Martín</subfield>
   </datafield>
   <datafield ind2=" " ind1=" " tag="520">
      <subfield code="a">Treball de fi de grau en Periodisme. Curs 2019-2020</subfield>
   </datafield>
   <datafield ind2=" " ind1=" " tag="520">
      <subfield code="a">Sota el títol “Olímpiques. Reconstruint el camí”, el treball consisteix en un reportatge&#xd;
interactiu que recorre la història de les esportistes nascudes a Catalunya que han&#xd;
participat en uns Jocs Olímpics d’estiu. Amb el testimoni en primera persona d’algunes&#xd;
de les esportistes, el reportatge pretén donar visibilitat a l’olimpisme femení català, el&#xd;
qual no ha tingut un reconeixement comparable al del seu homòleg masculí.&#xd;
El reportatge conté una part històrica que repassa les fites més importants de les dones&#xd;
catalanes a les diferents cites olímpiques, ja que van ser aquestes les pioneres en el&#xd;
conjunt d’Espanya. D’altra banda, també hi ha contingut més vinculat amb l’actualitat,&#xd;
on es dóna visibilitat al paper de la dona en el món de l’esport, un món que continua&#xd;
masculinitzat.&#xd;
El relat es presenta en un format interactiu fet a través del programari Klynt. Així, es&#xd;
tracta d’un reportatge multimèdia, on s’incorporen fotografies, àudio i vídeo i on l’usuari&#xd;
pot navegar pels diferents continguts, triar què vol veure, quanta informació vol i en quin&#xd;
ordre.</subfield>
   </datafield>
   <datafield ind2=" " ind1=" " tag="520">
      <subfield code="a">Bajo el título “Olímpicas. Reconstruyendo el camino”, el trabajo consiste en un reportaje&#xd;
interactivo que recorre la historia de las deportistas nacidas en Cataluña que han&#xd;
participado en unos Juegos Olímpicos de verano. Con el testimonio de algunas de ellas,&#xd;
el reportaje pretende dar visibilidad al olimpismo femenino catalán, el cual no ha tenido&#xd;
un reconocimiento comparable al de su homólogo masculino.&#xd;
El reportaje contiene una parte histórica que repasa los hitos más importantes de las&#xd;
mujeres catalanas en las diferentes citas olímpicas, ya que fueron estas las pioneras en el&#xd;
conjunto de España. Por otro lado, también hay contenido más vinculado con la&#xd;
actualidad, dónde se da visibilidad al papel de la mujer en el mundo del deporte, un&#xd;
mundo que continúa masculinizado.&#xd;
El relato se presenta en un formato interactivo hecho a través del programa Klynt. Así,&#xd;
se trata de un reportaje multimedia, donde se incorporan fotografías, audio y vídeo y&#xd;
donde el usuario puede navegar por los diferentes contenidos, escoger qué quiere ver,&#xd;
cuánta información quiere y en qué orden.</subfield>
   </datafield>
   <datafield ind2=" " ind1=" " tag="520">
      <subfield code="a">Under the title “Olympians. Rebuilding the path”, this survey’s aim is to create an&#xd;
interactive report that explores the history of the athletes born in Catalonia that had taken&#xd;
part in Summer Olympic Games. With the first-person testimony of some of them, the&#xd;
report pretends to give visibility to the participation of Catalan women in the Olympics,&#xd;
who hadn’t had a recognition comparable to men.&#xd;
The report contains an historical part that covers the most important events of Catalan&#xd;
women in the different Olympic dates, who curiously were the pioneers in Spain.&#xd;
Moreover, there’s also content related to the present, where it gives visibility to the&#xd;
contributions of womens in sport, a world that is still masculinized even it’s more&#xd;
popular than before.&#xd;
The story is presented in an interactive format done with Klynt app. It’s a multimedia&#xd;
storytelling that includes photos, audio and video and where the user can navigate around&#xd;
all the contents, choose what to see, how many information and in which sequence.</subfield>
   </datafield>
   <datafield tag="653" ind2=" " ind1=" ">
      <subfield code="a">esport</subfield>
   </datafield>
   <datafield tag="653" ind2=" " ind1=" ">
      <subfield code="a">esport femení</subfield>
   </datafield>
   <datafield tag="653" ind2=" " ind1=" ">
      <subfield code="a">esport femení</subfield>
   </datafield>
   <datafield tag="653" ind2=" " ind1=" ">
      <subfield code="a">Jocs Olímpics</subfield>
   </datafield>
   <datafield tag="653" ind2=" " ind1=" ">
      <subfield code="a">JJOO</subfield>
   </datafield>
   <datafield tag="653" ind2=" " ind1=" ">
      <subfield code="a">Catalunya</subfield>
   </datafield>
   <datafield tag="653" ind2=" " ind1=" ">
      <subfield code="a">esport femení català</subfield>
   </datafield>
   <datafield tag="653" ind2=" " ind1=" ">
      <subfield code="a">esportistes olímpiques</subfield>
   </datafield>
   <datafield tag="653" ind2=" " ind1=" ">
      <subfield code="a">webdoc</subfield>
   </datafield>
   <datafield tag="653" ind2=" " ind1=" ">
      <subfield code="a">reportatge interactiu</subfield>
   </datafield>
   <datafield ind2="0" ind1="0" tag="245">
      <subfield code="a">Olímpiques: reconstruint el camí. Memòria</subfield>
   </datafield>
</record></metadata></record></GetRecord></OAI-PMH>